| 000 | 00722nam a2200229 a 4500 | ||
|---|---|---|---|
| 001 | 000023440 | ||
| 005 | 20240404204714.0 | ||
| 008 | 101207s1974 mx r 000 0 spa d | ||
| 040 |
_aDO-SdBNP _bspa _cBNPHU |
||
| 082 |
_a330.122 _bA517c |
||
| 100 | 1 |
_aAmin, Samir _948299 |
|
| 240 | 1 | 0 |
_aLe dévelopment inegal _lespañol |
| 245 | 1 | 3 |
_aEl capitalismo periferico / _cSamir Amin ; traducción de Gerardo Dávila. |
| 260 |
_aMéxico : _bNuestro Tiempo, _c1974. |
||
| 300 |
_a259 p . ; _c18 cm. |
||
| 490 | 1 | _aDesarrollo | |
| 500 | _aIncluye bibliografía | ||
| 650 | 0 |
_aCapitalismo _9280 |
|
| 650 | 4 |
_aCapitalismo _xAspectos sociales _948300 |
|
| 700 | 1 |
_aDávila, Gerardo _etraductor _948301 |
|
| 830 | 0 |
_aDesarrollo _948302 |
|
| 999 |
_c22936 _d22936 |
||